000 01843nam0a2200361 4500
001 RU\NLR\bibl\1194317
005 20260408064859.0
010 _a978-5-8078-0152-4
_91000
021 _aRU
_b2007-95054
_95131
035 _a(NLR Aleph) 001180846
090 _a1656371
_c1656371
100 _a20080229d2008 |||y0rusy50 ca
101 0 _arus
_afre
_alat
_ager
_aeng
102 _aRU
105 _ay |||||||||
200 1 _aНаказ, данный Комиссии о сочинении проекта нового Уложения
_fимператрица Екатерина Вторая
_gпод ред. и предисл. д.ю.н., проф. В.А. Томсинова
_gМоск. гос. ун-т им. М.В. Ломоносова, Юрид. фак.
210 _aМосква
_cЗерцало
_cСистема Гарант
_d2008
215 _a532 с.
_d23
225 1 _aСерия "Русское юридическое наследие"
300 _aТекст на рус., нем., лат., фр. и англ. яз.
320 _aБиблиогр. печат. изд. "Наказа" имп. Екатерины II: с. 526-532
605 _a"Наказ" Екатерины II
_z1767
_91053949
_3RU\NLR\auth\66407884
686 _aХ1(2)471.07
686 _aТ3(2)464-503.1
702 1 _aТомсинов
_bВ. А.
_gВладимир Алексеевич
_4340
710 0 1 _aРоссия
_bИмператрица
_c1762-1796; Екатерина II
_3RU\NLR\AUTH\8810042741
_9584929
712 0 1 _4570
_aРоссия
_bКомиссия для составления проекта нового уложения
_3RU\NLR\AUTH\889936989
_9368765
801 0 _aRU
_bNLR
_c20080229
_gRCR
801 1 _aRU
_bNLR
_c20080229
942 _cBOOK
980 _aNB